Städte mit mehr als 5 mio. Einwohnern - Statistiken

Allgemein
  • Dieses Quiz wurde 82 mal gespielt
  • Das Durchschnittsergebnis liegt bei 33 aus 90
Antwortstatistiken
Einwohner (in Mio.) Stadt % Korrekt
39,1 Tokio
96%
20,9 New York
89%
19,4 Peking
88%
17,6 Moskau
86%
11,1 London
81%
19,7 Kairo
77%
22,1 Shanghai
75%
15,3 Istanbul
73%
21,5 Mexiko-Stadt
68%
22,4 São Paulo
67%
16,2 Buenos Aires
66%
6 Madrid
63%
12,4 Rio de Janeiro
63%
8,9 Lima
60%
17,5 Bangkok
59%
7,3 Hongkong
59%
7 Santiago
59%
31,8 Delhi
58%
35,3 Jakarta
58%
13,8 Teheran
58%
22,1 Mumbai
56%
6,9 Toronto
55%
14,1 Johannesburg
53%
16,3 Kinshasa
53%
9,2 Bogota
52%
9 Chicago
52%
16,8 Dhaka
52%
22,3 Seoul
52%
21,4 Guangzhou
51%
23,9 Manila
51%
9,7 Wuhan
51%
8,6 Kuala Lumpur
49%
15,4 Lagos
49%
7,3 Hanoi
45%
6,5 Dubai
44%
6,8 Riad
44%
5,9 Singapur
44%
7,5 Washington
44%
6,1 Bagdad
42%
5,9 Nairobi
41%
6,5 Houston
40%
5,5 Addis Abeba
38%
15,2 Karatschi
37%
14,6 Shenzhen
36%
9 Taipeh
36%
7,3 Boston
34%
6,2 Miami
34%
5 Accra
33%
13,9 Ho-Chi-Minh-Stadt
32%
8,8 Luanda
30%
11,5 Chennai
29%
9,8 Hyderabad
29%
7 Xi'an
29%
7,7 Ahmedabad
25%
5,2 Belo Horizonte
25%
11,1 Lahore
25%
6 Khartum
23%
5,4 Atlanta
22%
5,8 Caracas
22%
7,4 Daressalam
22%
5,4 Guadalajara
22%
5 Kabul
22%
5,6 Philadelphia
22%
6,9 Bandung
21%
7,7 Nanjing
21%
11,9 Chengdu
19%
13,9 Bengaluru
18%
8,2 Chongqing
18%
18,6 Kolkata
18%
5,5 Monterrey
18%
9,5 Nagoya
15%
7,9 Pune
14%
10,9 Tianjin
14%
6,7 Hangzhou
12%
6,2 Qingdao
11%
5,2 Sankt Petersburg
11%
6,4 Surabaya
11%
7,4 Zhengzhou
7%
6,4 Yangon
5%
5,1 Suzhou
4%
8,1 Dongguan
3%
6,9 Dallas-Fort-Worth
1%
6,1 Essen/Düsseldorf
1%
6,6 Quanzhou
1%
6,2 Berlin-Brandenburg
0%
15,4 Kinki
0%
6,8 Onitsha
0%
11 Paros
0%
6,4 San Francisco-San jose
0%
7,2 Shnenyang-Fushun
0%
Keine übereinstimmenden Quizze gefunden
Verteilung der Resultate
Anzahl Personen mit jedem Resultat
Perzentil nach korrekt beantworteten Fragen
Ihre Resultats-Entwicklung
Sie haben dieses Quiz noch nicht gespielt